Basic Molecules - Statistics

General Stats
  • This quiz has been taken 34 times
  • The average score is 4 of 8
Answer Stats
Formula Common Name % Correct
H2O Water
100%
CO2 Carbon Dioxide
87%
NH3 Ammonia
58%
CH4 Methane
58%
O3 Ozone
35%
NaCl Table Salt
32%
C6H12O6 Glucose
23%
NaOH Sodium Hydroxide
16%
No matching quizzes found
Score Distribution
Percent of People with Each Score
Percentile by Number Answered
Your Score History
You have not taken this quiz